000 00785nam a22002177a 4500
005 20100806164132.0
010 _aENG-98543
020 _a8177356070
_c70.00
035 _aEN-82076
037 _bDBAD/PUB
082 _a005.43
100 _aPunitha, A.
_98889
245 _aOperating systems basics /
_cby A. Punitha
260 _aChennai
_bPavai Publication
_c2008
270 _a142, Johny John Khan Salai, Royappettah
_bChennai
_e600014
300 _a120p.
_c21cm (pbk)
650 _aElectronic Data Processing- Batch Processing
_98890
650 _aOperating Systems (computers)
_98891
942 _2ddc
_cEN
_h005.43
_mPUN
999 _c39929
_d39929